[Event "P-5138"]
[Site "IECC email"]
[Date "2019.10.22"]
[Round "?"]
[White "McGill, Derek"]
[Black "Krebs, Hans"]
[Result "1-0"]
[WhiteElo "1822"]
[BlackElo "1879"]
[PlyCount "89"]
[EventDate "2019.??.??"]
[EventType "tourn (corr)"]
[SourceTitle "Corr 2024"]
[Source "ChessBase"]
[SourceDate "2023.10.19"]
[SourceVersion "1"]
[SourceVersionDate "2023.10.19"]
[SourceQuality "1"]
[WhiteTeam "Irland"]
[BlackTeam "Deutschland"]
[WhiteTeamCountry "IRL"]
[BlackTeamCountry "GER"]

1. d4 d6 2. c4 Nf6 3. Nc3 e5 4. Nf3 exd4 5. Nxd4 c6 6. g3 d5 7. cxd5 Nxd5 8. Bd2 Bc5 9. Nb3 Bb6 10. Bg2 0-0 11. Nxd5 cxd5 12. Bc3 Be6 13. 0-0 Nc6 14. e3 a5 15. Qd3 a4 16. Nd4 Nxd4 17. Bxd4 Bxd4 18. Qxd4 Qd7 19. Rfd1 Rfd8 20. Rac1 h6 21. a3 Bg4 22. Rd2 Rac8 23. Rxc8 Rxc8 24. h4 Rc1+ 25. Kh2 Be6 26. e4 Rc4 27. Qb6 d4 28. Bf1 Rc6 29. Qb4 Rd6 30. Bb5 Qd8 31. Bxa4 b6 32. Bb5 g5 33. hxg5 Qxg5 34. f4 Qc5 35. f5 Qxb4 36. axb4 Bb3 37. g4 f6 38. Kg3 Kf7 39. Kf4 Rd8 40. Bd3 Re8 41. Rh2 Kg7 42. Rh1 Rc8 43. e5 fxe5+ 44. Kxe5 Bc2 45. Rh3 1-0

[Event "P-5119"]
[Site "IECC email"]
[Date "2019.01.19"]
[Round "?"]
[White "McGill, Derek"]
[Black "Kinna, Michael"]
[Result "1/2-1/2"]
[WhiteElo "1816"]
[BlackElo "1968"]
[PlyCount "58"]
[EventDate "2019.??.??"]
[EventType "tourn (corr)"]
[SourceTitle "Corr 2020"]
[Source "ChessBase"]
[SourceDate "2019.09.30"]
[SourceVersion "1"]
[SourceVersionDate "2019.09.30"]
[SourceQuality "1"]
[WhiteTeam "Ireland"]
[BlackTeam "Australia"]
[WhiteTeamCountry "IRL"]
[BlackTeamCountry "AUS"]

1. d4 Nf6 2. c4 e6 3. Nc3 Bb4 4. e3 0-0 5. Bd3 c5 6. Nf3 Nc6 7. 0-0 Bxc3 8. bxc3 d6 9. Nd2 e5 10. Rb1 Re8 11. d5 Ne7 12. Qc2 Rb8 13. h3 Ng6 14. f4 exf4 15. exf4 b6 16. Nf3 Nh5 17. f5 Ngf4 18. g4 Nxd3 19. Qxd3 Nf6 20. Bg5 h6 21. Bh4 Rb7 22. Nd2 Rbe7 23. Rbe1 Rxe1 24. Rxe1 Rxe1+ 25. Bxe1 h5 26. Bh4 hxg4 27. hxg4 Qe7 28. Kg2 Qe5 29. Qf3 Qe7 1/2-1/2

[Event "Albena op"]
[Site "Albena"]
[Date "2017.06.17"]
[Round "1"]
[White "Osmanodja, Filiz"]
[Black "McGill, Derek"]
[Result "1-0"]
[WhiteElo "2279"]
[BlackElo "1760"]
[PlyCount "75"]
[EventDate "2017.06.17"]
[EventType "swiss"]
[EventRounds "9"]
[EventCountry "BUL"]
[SourceTitle "CBM 179 Extra"]
[Source "ChessBase"]
[SourceDate "2017.08.23"]
[SourceVersion "1"]
[SourceVersionDate "2017.08.23"]
[SourceQuality "1"]

1. e4 c6 2. d4 d5 3. e5 c5 4. dxc5 Nc6 5. Nf3 Bg4 6. Bb5 Qa5+ 7. Nc3 e6 8. Be3 Nge7 9. 0-0 0-0-0 10. Bd2 Bxf3 11. Qxf3 Nxe5 12. Qe2 Qc7 13. b4 N5c6 14. Ba4 Qe5 15. Qf3 Qf5 16. Qd1 Ng6 17. Bxc6 bxc6 18. Qe2 Kb7 19. b5 Bxc5 20. bxc6+ Kxc6 21. Qb5+ Kd6 22. Na4 Rc8 23. Nxc5 Rxc5 24. Bb4 Rhc8 25. Bxc5+ Rxc5 26. Qb8+ Rc7 27. Rab1 Kd7 28. Rb7 Rxb7 29. Qxb7+ Kd6 30. Qb8+ Ke7 31. Qxa7+ Kf6 32. Qd4+ Qe5 33. Qxe5+ Kxe5 34. a4 Ne7 35. a5 Nc6 36. a6 Kd6 37. Rb1 Kc7 38. Rb7+ 1-0

[Event "P-4910"]
[Site "IECC email"]
[Date "2014.07.26"]
[Round "?"]
[White "Geib, Steven"]
[Black "McGill, Derek"]
[Result "1/2-1/2"]
[WhiteElo "1501"]
[BlackElo "1804"]
[PlyCount "42"]
[EventDate "2014.??.??"]
[EventType "tourn (corr)"]
[SourceTitle "Corr 2020"]
[Source "ChessBase"]
[SourceDate "2019.09.30"]
[SourceVersion "1"]
[SourceVersionDate "2019.09.30"]
[SourceQuality "1"]
[WhiteTeam "United States"]
[BlackTeam "Ireland"]
[WhiteTeamCountry "USA"]
[BlackTeamCountry "IRL"]

1. d4 Nf6 2. c4 e6 3. Nc3 Bb4 4. e3 b6 5. Bd3 Bb7 6. Nf3 Ne4 7. Qc2 f5 8. 0-0 Bxc3 9. bxc3 0-0 10. Ba3 Rf6 11. Rab1 d6 12. Nd2 Nxd2 13. Qxd2 Rh6 14. f3 Qh4 15. g3 Qh5 16. e4 Nd7 17. exf5 exf5 18. Rbe1 Bxf3 19. Bc1 Be4 20. Bxe4 fxe4 21. Rxe4 Rf6 1/2-1/2

[Event "IECC P-4520"]
[Site "IECC email"]
[Date "2009.02.12"]
[Round "?"]
[White "Bearce, Harold L"]
[Black "McGill, Derek"]
[Result "0-1"]
[WhiteElo "1350"]
[BlackElo "1776"]
[PlyCount "30"]
[EventDate "2009.??.??"]
[EventType "match (corr)"]
[SourceTitle "Corr 2013"]
[Source "ChessBase"]
[SourceDate "2012.11.12"]
[SourceVersion "1"]
[SourceVersionDate "2012.11.12"]
[SourceQuality "1"]
[WhiteTeam "Italy"]
[BlackTeam "Canada"]
[WhiteTeamCountry "ITA"]
[BlackTeamCountry "CAN"]

1. d4 d5 2. c4 e6 3. Nc3 Nf6 4. e3 c6 5. a3 Nbd7 6. Nf3 Bd6 7. c5 Bc7 8. Bd3 e5 9. dxe5 Nxe5 10. Nxe5 Bxe5 11. 0-0 Qe7 12. Na4 Bxh2+ 13. Kxh2 Ng4+ 14. Kg1 Qh4 15. f3 Qh2# 0-1

[Event "P-4351"]
[Site "IECC email"]
[Date "2007.08.04"]
[Round "?"]
[White "Richard, Andy"]
[Black "McGill, Derek"]
[Result "0-1"]
[WhiteElo "1073"]
[BlackElo "1767"]
[PlyCount "28"]
[EventDate "2007.??.??"]
[EventType "tourn (corr)"]
[SourceTitle "Corr 2020"]
[Source "ChessBase"]
[SourceDate "2019.09.30"]
[SourceVersion "1"]
[SourceVersionDate "2019.09.30"]
[SourceQuality "1"]
[WhiteTeam "Canada"]
[BlackTeam "Ireland"]
[WhiteTeamCountry "CAN"]
[BlackTeamCountry "IRL"]

1. d4 Nf6 2. Bg5 Ne4 3. Bf4 c5 4. f3 Qa5+ 5. c3 Nf6 6. Nd2 cxd4 7. Nb3 Qd8 8. Bxb8 Rxb8 9. Qxd4 a6 10. e4 d6 11. f4 g6 12. Nf3 Bg7 13. Bd3 0-0 14. 0-0 Ng4 0-1

[Event "IECC P email"]
[Site "IECC email"]
[Date "2001.01.31"]
[Round "?"]
[White "McGill, Derek"]
[Black "Jobe, Tom B"]
[Result "1-0"]
[WhiteElo "1687"]
[BlackElo "1807"]
[PlyCount "53"]
[EventDate "2001.??.??"]
[EventType "tourn (corr)"]
[EventRounds "6"]
[SourceTitle "Corr 2008"]
[Source "ChessBase"]
[SourceDate "2008.06.24"]
[SourceVersion "1"]
[SourceVersionDate "2008.06.24"]
[SourceQuality "1"]

1. d4 Nf6 2. c4 g6 3. Nc3 Bg7 4. e4 d6 5. f3 0-0 6. Be3 e5 7. d5 c6 8. Nge2 cxd5 9. cxd5 Nbd7 10. g4 h5 11. h3 a6 12. Bg5 Qb6 13. Qd2 Nc5 14. 0-0-0 Bd7 15. Kb1 Kh7 16. Qe1 Bb5 17. Qh4 Ncd7 18. Ng3 Bxf1 19. Rhxf1 Rac8 20. Rc1 Rh8 21. gxh5 Nxh5 22. Nxh5 Kg8 23. Qg4 f5 24. exf5 gxh5 25. Qg3 Kf7 26. Ne4 Rxc1+ 27. Bxc1 1-0